| 000 | 00686nam a2200169 4500 | ||
|---|---|---|---|
| 999 |
_c15803 _d15803 |
||
| 008 | 201127b ||||| |||| 00| 0 eng d | ||
| 022 | _a0730-3084 | ||
| 082 | _aDPer 613.705 J863 Sept 2015-Apr 2016 v. 86-87 | ||
| 100 |
_aRukavina, Paul B. _942636 |
||
| 245 |
_aFostering inclusion and positive physical education experiences/ _b _cPaul B. Rukavina and Sarah A. Doolittle. |
||
| 260 |
_aPhiladelphia: _bShape America-Society of Health and Physical Educators, _c©Sept 2015-Apr 2016. |
||
| 300 |
_av87, n4, pages 36-45: _billustrations; _c28 cm. |
||
| 500 | _aJOPERD | ||
| 650 |
_aPhysical education _xTeaching. _942637 |
||
| 700 |
_aDoolittle, S. A. _eAuthor. _942640 |
||
| 942 |
_2ddc _cPER |
||